Hint | Risposta | % Corretto |
---|---|---|
• — | A | 100%
|
• • • • | H | 73%
|
• | E | 65%
|
— • — • | C | 62%
|
• • • | S | 62%
|
— • | N | 59%
|
— — — | O | 59%
|
• • | I | 57%
|
• — • | R | 57%
|
• • — | U | 51%
|
— | T | 49%
|
— • • • | B | 46%
|
— — | M | 46%
|
• • — • | F | 41%
|
• — — • | P | 41%
|
• • • — | V | 41%
|
— — • • | Z | 41%
|
— • • | D | 38%
|
— — • | G | 38%
|
— • • — | X | 38%
|
— • — | K | 35%
|
• — • • | L | 35%
|
— — • — | Q | 24%
|
• — — | W | 24%
|
— • — — | Y | 24%
|
• — — — | J | 19%
|
Copyright H Brothers Inc., 2008–2024
Contattaci | Torna su | Visualizza Sito Mobile